Statistics for 200 Biggest cities in Japan

Click here to take the quiz!

General Stats

  • This quiz has been taken 86 times
  • The average score is 124 of 200

Answer Stats

populationAreaAnswers% Correct
9272700TokyoTokyo
100%
3724800KanagawaYokohama
98%
1538700FukuokaFukuoka
96%
1194000HiroshimaHiroshima
96%
1475200KanagawaKawasaki
96%
1537300HyogoKobe
96%
1475200KyotoKyoto
96%
2295600AichiNagoya
96%
2691200OsakaOsaka
96%
1264000SaitamaSaitama
96%
1952400HokkaidoSapporo
96%
1082200MiyagiSendai
96%
971900ChibaChiba
95%
514900EhimeMatsuyama
93%
429500NagasakiNagasaki
93%
719500OkayamaOkayama
93%
577500TokyoHachioji
91%
599800KagoshimaKagoshima
91%
465700IshikawaKanazawa
91%
740800KumamotoKumamoto
91%
236400SagaSaga
91%
720800KanagawaSagamihara
91%
705000ShizuokaShizuoka
91%
518600TochigiUtsunomiya
91%
406700GifuGifu
89%
798000ShizuokaHamamatsu
89%
535700HyogoHimeji
89%
961300FukuokaKitakyushu
89%
810200NiigataNigata
89%
478100OitaOita
89%
279900MieTsu
89%
315800AkitaAkita
87%
622900ChibaFunabashi
87%
360300NaraNara
87%
341000ShigaOtsu
87%
370900GunmaTakasaki
87%
287600AomoriAomori
85%
294200FukushimaFukushima
85%
337200KochiKochi
85%
336200GunmaMaebashi
85%
839300OsakaSakai
85%
420700KagawaTakamatsu
85%
418700ToyamaToyama
85%
339600HokkaidoAsahikawa
84%
248400ShizuokaFuji
84%
464800HiroshimaFukuyama
84%
266000HokkaidoHakodate
84%
350200FukushimaIwaki
84%
414000ChibaKashiwa
84%
578100SaitamaKawaguchi
84%
335400FukushimaKoriyama
84%
477100OkayamaKurashiki
84%
401100MiyazakiMiyazaki
84%
297600IwateMorioka
84%
377600NaganoNagano
84%
319400OkinawaNaha
84%
422500AichiToyota
84%
197400YamaguchiYamaguchi
84%
452600HyogoAmagasaki
82%
265900FukuiFukui
82%
350700SaitamaKawagoe
82%
270800IbarakiMito
82%
268500YamaguchiShimonoseki
82%
364200WakayamaWakayama
82%
253800YamagataYamagata
82%
423900KanagawaFujisawa
80%
380900AichiIchinomiya
80%
206200ShimaneMatsue
80%
258600TokushimaTokushima
80%
374800AichiToyohashi
80%
311000MieYokkaichi
80%
502800OsakaHigashiosaka
78%
481700ChibaIchikawa
78%
432300TokyoMachida
78%
275100NiigataNagaoka
78%
487900HyogoNishinomiya
78%
381100AichiOkazaki
78%
483500ChibaMatsudo
76%
176300TokyoTachikawa
76%
351800OsakaTakatsuki
76%
406600KanagawaYokosuka
76%
231300AomoriHachinohe
75%
258200KanagawaHiratsuka
75%
304600FukuokaKurume
75%
243300NaganoMatsumoto
75%
340400SaitamaTokorozawa
73%
193700TottoriTottori
73%
194100KanagawaOdawara
71%
255400NagasakiSasebo
71%
395500OsakaToyonaka
71%
193100YamanashiKofu
69%
227000IbarakiTsukuba
69%
293400HyogoAkashi
67%
131200ChibaNarita
67%
177400AomoriHirosaki
65%
280000OsakaIbaraki
65%
127800MieIse
65%
198700SaitamaKumagaya
64%
200000TokyoNishitokyo
64%
232700SaitamaKasukabe
62%
239300KanagawaChigasaki
60%
229100TokyoChofu
60%
267400HyogoKakogawa
60%
228500HiroshimaKure
60%
184700KyotoUji
60%
225700KanagawaAtsugi
58%
404200OsakaHirakata
58%
274700ChibaIchihara
58%
337500SaitamaKoshigaya
58%
219800GunmaOta
58%
374500OsakaSuita
58%
195600ShizuokaNumazu
56%
172100ToyamaTakaoka
56%
260300TokyoFuchu
55%
185100IbarakiHitachi
55%
174700HokkaidoKushiro
55%
146600TokyoTama
55%
130200KanagawaEbina
53%
171900ShimaneIzumo
53%
197000NiigataJoetsu
53%
173000KanagawaKamakura
53%
306500AichiKasugai
53%
186900TokyoMitaka
53%
169300HokkaidoObihiro
53%
247000SaitamaSoka
53%
224900HyogoTakarazuka
53%
164000ChibaUrayasu
53%
184100AichiAnjo
51%
144700TokyoMusashino
51%
232900KanagawaYamato
51%
134100ChibaKisarazu
49%
225200SaitamaAgeo
47%
192900HiroshimaHigashihiroshima
47%
158100EhimeImabari
47%
208800GunmaIsesaki
47%
159900GifuOgaki
47%
166800TochigiOyama
47%
196400MieSuzuka
47%
149300TottoriYonago
47%
140800IbarakiTsuchiura
45%
196900HyogoItami
44%
152300SaitamaKuki
44%
140300MieKuwana
44%
169400YamaguchiUbe
44%
153600ChibaNoda
42%
139300OkinawaOkinawa
42%
172700ChibaSakura
42%
167200ShizuokaIwata
40%
186100OsakaIzumi
40%
140900IbarakiKoga
40%
237500OsakaNeyagawa
40%
172700HokkaidoTomakomai
40%
156800NaganoUeda
40%
268800OsakaYao
40%
186300TokyoHino
38%
136800YamaguchiIwakuni
38%
182400AichiToyokawa
38%
131600ChibaAbiko
36%
148400SaitamaIruma
36%
149800AichiKariya
36%
136300SaitamaAsaka
35%
194900OsakaKishiwada
35%
190000TokyoKodaira
35%
137200ShigaKusatsu
35%
174400ChibaNagareyama
35%
138600HiroshimaOnomichi
35%
167400KanagawaHadano
33%
163900MieMatsusaka
33%
165000MiyazakiMiyakonojo
33%
152400SaitamaSayama
33%
159200TochigiTochigi
33%
193200ChibaYachiyo
33%
127500KumamotoYatsushiro
33%
143600ShizuokaFujieda
31%
138100NagasakiIsahaya
31%
149500AichiKomaki
31%
133400OsakaMino
31%
136500SaitamaMisato
31%
139200TokyoOme
31%
128700KanagawaZama
31%
143800SaitamaFukaya
29%
155700IbarakiHitachinaka
29%
162100SaitamaNiiza
29%
136200SaitamaToda
29%
139500ShizuokaYaizu
29%
149500TochigiAshikaga
27%
130800ShizuokaFujinomiya
27%
150000TokyoHigashimurayama
27%
147200MiyagiIshinomaki
27%
144800YamaguchiShunan
27%
129700YamagataTsuruoka
27%
133400MiyagiOsaki
25%
156400HyogoKawanishi
24%
129100FukuokaIizuka
20%
144700GifuKakamigahara
20%
168000AichiNishio
20%
129000AichiSeto
20%
136900AichiInazawa
18%
143000OsakaMoriguchi
15%
167900ChibaHabikino
5%

Score Distribution

Percentile by Number Answered

Percent of People with Each Score

Your Score History

You have not taken this quiz